| 000 | 00962cam a2200337 i 4500 | ||
|---|---|---|---|
| 001 | 0000534 | ||
| 003 | DO-SdBNP | ||
| 005 | 20161122085422.0 | ||
| 007 | 0000534 | ||
| 008 | 100514s 2007 sp | |||| 000 f spa | ||
| 015 | _a | ||
| 017 |
_a _b |
||
| 020 | _a9788498380798 | ||
| 035 | _a | ||
| 040 |
_aBPMSU _bspa _cBPMSU _e |
||
| 080 | _a | ||
| 082 |
_aIr823.5 _bB792m 2007 |
||
| 100 | 1 |
_aBoyne, John, _d1971- |
|
| 240 | 1 | 4 |
_aThe boy in the striped pyjamas _lEspañol |
| 245 | 1 | 3 |
_aEl niño con el pijama de rayas / _h _cJohn Boyne ; traducción Gemma RoviraOrtega |
| 250 | _a2a. ed. | ||
| 260 |
_aBarcelona : _bSalamandra, _c2007. |
||
| 300 |
_a219 p.: _c22 cm |
||
| 500 | _aIncluye datos biográficos del autor. | ||
| 586 | _aPremio Doncel de biografía 1962 | ||
| 650 | 4 | _aNOVELA JUVENIL IRLANDESA | |
| 650 | 4 | _aLITERATURA JUVENIL IRLANDESA | |
| 700 | 1 | 2 |
_aRovira Ortega, Gemma, _etr. |
| 942 |
_2ddc _cBK |
||
| 956 |
_aYLOCKWARD _810 _cBPMSU |
||
| 999 |
_c10864 _d10864 |
||